Koccutr̲ēsyā. (Record no. 69056)

MARC details
000 -LEADER
fixed length control field 00530cam a22002171 4500
001 - CONTROL NUMBER
control field sa 66003679
003 - CONTROL NUMBER IDENTIFIER
control field DLC
005 - DATE AND TIME OF LATEST TRANSACTION
control field 20260227112238.0
008 - FIXED-LENGTH DATA ELEMENTS--GENERAL INFORMATION
fixed length control field 940604s1964 ii 000 1 malo
010 ## - LIBRARY OF CONGRESS CONTROL NUMBER
LC control number sa 66003679
025 ## - OVERSEAS ACQUISITION NUMBER
Overseas acquisition number PL480:I-Mal-686
035 ## - SYSTEM CONTROL NUMBER
System control number (OCoLC)30548987
040 ## - CATALOGING SOURCE
Original cataloging agency DLC
Transcribing agency CU
Modifying agency CU
-- DLC
050 00 - LIBRARY OF CONGRESS CALL NUMBER
Classification number PL4718.9.M326
Item number K6
100 1# - MAIN ENTRY--PERSONAL NAME
Personal name Joseph, Mattom,
Dates associated with a name 1931-
245 10 - TITLE STATEMENT
Title Koccutr̲ēsyā.
260 ## - PUBLICATION, DISTRIBUTION, ETC.
Place of publication, distribution, etc. [Kottayam,
Date of publication, distribution, etc. 1964]
300 ## - PHYSICAL DESCRIPTION
Extent 147 p.
Dimensions 19 cm.
500 ## - GENERAL NOTE
General note In Malayalam.
500 ## - GENERAL NOTE
General note A novel.

No items available.

Powered by Koha